| 000 | 00577nam a22001697a 4500 | ||
|---|---|---|---|
| 003 | OSt | ||
| 005 | 20260115105349.0 | ||
| 008 | 260115b |||||||| |||| 00| 0 eng d | ||
| 040 | _cMRSPTU | ||
| 041 | _aENG | ||
| 100 | _aKrishan Bala, Supervisor: Dr. Paramjeet Singh | ||
| 245 | _aEnergy Efficient Clustering Hierarchy Protocol in wireless Sensor Network Based on Ridge Method Cluster Head Selection | ||
| 260 |
_bDepartment of CSE, MRSPTU, Bathinda _c2018 |
||
| 650 | _aComputer Science | ||
| 856 | _uhttp://localhost:8080/xmlui/handle/123456789/210 | ||
| 942 |
_2ddc _cTH _n0 |
||
| 999 |
_c10643 _d10643 |
||